|
|
|
|
| LEADER |
00000cam a2200000 a 4500 |
| 001 |
vtls001081867 |
| 003 |
SK-MaSNL |
| 005 |
20260301000905.0 |
| 008 |
240313s1989 xo 00000 slo |
| 015 |
|
|
|a SNBA1989/08
|
| 020 |
|
|
|a 8022700754
|
| 035 |
|
|
|a SNK000024705
|
| 040 |
|
|
|a SNK
|b slo
|c SNK
|e AACR2
|
| 041 |
0 |
|
|a slo
|
| 044 |
|
|
|a xo
|c SK
|
| 080 |
|
|
|a 656.6(075.8)
|2 1981
|
| 100 |
1 |
|
|a Záhlava, Miroslav
|4 aut
|9 277341
|
| 245 |
0 |
|
|a Ekonomika a prevádzka lodí
|c Miroslav Záhlava
|
| 250 |
|
|
|a 1. preprac. vyd.
|
| 260 |
|
|
|a Bratislava
|b Slovenská vysoká škola technická
|c 1989
|
| 300 |
|
|
|a 119 s
|b sch., tab.
|c 29 cm
|
| 366 |
|
|
|e 100 výt.
|
| 504 |
|
|
|a Bibliogr.
|
| 650 |
0 |
7 |
|a lodná doprava
|2 SNKPH
|9 75832
|
| 650 |
0 |
7 |
|a ekonomika
|2 SNKPH
|9 789
|
| 655 |
|
7 |
|a učebnice vysokých škôl
|2 SNKPH
|9 70191
|
| 919 |
|
|
|a 80-227-0075-4
|
| 958 |
|
|
|a OND
|
| 958 |
|
|
|a NB
|
| 999 |
|
|
|c 533751
|d 535681
|
| 952 |
|
|
|a SNK
|b SNK
|y VYP
|7 0
|p 17A0154521
|o snkSB 45270 D1
|i snkKSP 4978/89
|0 0
|1 0
|4 0
|d 1998-08-10
|l 0
|r 2004-12-31 00:00:00
|w 2026-02-23
|
| 952 |
|
|
|a SNK
|b SNK
|y PREZ
|7 0
|p 17A0852411
|o snkSB 45270
|i snkKSP 5977/89
|0 0
|1 0
|4 0
|d 2014-04-08
|f 1
|l 0
|r 2026-02-23 12:16:08
|w 2026-02-23
|